000 00699nam a2200193Ia 4500
003 GCL
008 140319s9999 xx 000 0 ara d
020 _a0484291977
040 _aGCL /
_cGCL
082 0 4 _a493.2
_bع ق
100 1 _aعلى فهمى خشيم
245 1 0 _aالقبطية العربية :
_bدراسة مقارنة بين لغتين قريبتين شقيقتين /
_cعلى فهمى خشيم
250 _aالاولى
260 _aالقاهرة :
_bمركز الحضارة العربية للاعلام والنشر ،
_c2003
300 _a315 ص ؛
_c24 سم
650 0 4 _aاللغة القبطية
650 0 4 _aاللغة المصرية القديمة
942 _2ddc
_cBK
999 _c6111
_d6111